00629 a2200217 4500001000700000020001500007041000800022090001500030092001500045250001000060300001600070697004400086697005200130697004000182040002500222100002500247245007600272260003700348942000700385999001900392116077 a0962936022 apor aPL 371 WON a2003109628 a. ed. axiv, 338 p. aTeachers - Training of - United States. aTeaching - Vocational guidance - United States. aEffective teaching - United States. aBR-BrIDEAcBR-BrIDEA aWong, Harry K.d193210aThe first days of schoolbhow to be an effective teacherc Harry K Wong bHarry K. Wong Publicationsc2005 cBK c116077d116077